[Event "Zweibruecken PSB-ch MAT1 82nd"]
[Site "Zweibruecken"]
[Date "2013.03.24"]
[Round "3"]
[White "Ritter, Ralph"]
[Black "Quarz, Paul"]
[Result "1/2-1/2"]
[WhiteElo "2072"]
[BlackElo "1905"]
[PlyCount "123"]
[EventDate "2013.??.??"]
[EventType "tourn"]
[EventRounds "9"]
[EventCountry "GER"]
[SourceTitle "EXT 2014"]
[Source "ChessBase"]
[SourceDate "2013.11.20"]
[SourceVersion "1"]
[SourceVersionDate "2013.11.20"]
[SourceQuality "1"]

1. d4 Nf6 2. c4 c5 3. d5 b5 4. cxb5 a6 5. bxa6 Bxa6 6. Nc3 g6 7. e4 d6 8. Bxa6 Nxa6 9. Nf3 Bg7 10. 0-0 0-0 11. Re1 Qb6 12. Re2 Nc7 13. Bg5 Rfe8 14. Qd2 Ra7 15. h3 Nd7 16. Bf4 Rb8 17. Rc1 Qb7 18. Rc2 Nb6 19. b3 c4 20. Nd4 cxb3 21. axb3 Ra1+ 22. Kh2 Na6 23. Nc6 Re8 24. e5 dxe5 25. Bxe5 Bxe5+ 26. Rxe5 Nc5 27. Ne4 Nxe4 28. Rxe4 Nc8 29. Qc3 Rd1 30. Nb4 Nd6 31. Re1 Rxe1 32. Qxe1 e6 33. Re2 Qd7 34. dxe6 fxe6 35. Nd3 Nf5 36. Ne5 Qc7 37. Re4 Nd6 38. Rd4 Nf7 39. f4 Nxe5 40. Qxe5 Qxe5 41. fxe5 Rb8 42. b4 Rb5 43. Re4 Kg7 44. Kg3 g5 45. Kf3 Kf7 46. Ke2 Ke7 47. Kd3 Kd7 48. Rd4+ Ke7 49. Kc4 Rxe5 50. b5 Re2 51. g4 Rc2+ 52. Kb3 Rc1 53. Rd2 e5 54. b6 Rc6 55. Ra2 Rxb6+ 56. Kc4 Kf6 57. Ra7 h6 58. Kd5 Rb5+ 59. Kc4 Rb6 60. Kd5 Rb3 61. Ra6+ Kg7 62. Ra7+ 1/2-1/2